| 000 | 00659nas a2200217 4500 | ||
|---|---|---|---|
| 001 | BR8805181 | ||
| 003 | BR-BrBNA | ||
| 005 | 20231205091259.0 | ||
| 007 | ta | ||
| 008 | 230509b bl.|||p| |||| 00| 00por d | ||
| 040 |
_aBR-BrBNA _bpor _cBiblioteca Nacional de Agricultura |
||
| 041 | _a(Pt) | ||
| 072 | _aE71 | ||
| 110 | 1 |
_aInstituto Brasileiro de Economia, Rio de Janeiro, RJ (Brasil). Centro de Estudos Agricolas _95761 |
|
| 245 | 1 | _aLaranja | |
| 650 | _aLARANJA | ||
| 650 | _aEXPORTACAO | ||
| 773 | 0 |
_tAgroanalysis (Brazil) _xISSN 0100-4298 _g(Jun 1987), v. 11(6) p. 6-7 _wBR8805181 |
|
| 909 |
_a202311 _bLúcia _c55 _dLúcia Elande |
||
| 942 |
_2AGRIS _n0 _cANA |
||
| 999 |
_c124091 _d124091 |
||